000
00258nam a2200097Ia 4500
001
653764
005
20250826154504.0
008
250824s9999 xx 000 0 und d
245
0
_a
BATAKLIĞIN KIYISINDAKİ EV
_c
YEŞİM ARMUTAK
260
_b
GÜNIŞIĞI YAYINLARI
999
_c
653764
_d
653764